000 00571nam a2200181Ia 4500
008 100920s9999 xx 000 0 und d
082 _b24758
_a61 थ 72
100 _aआपटे हरि नारायण.
245 _aकालकूट.
260 _bरम्यकथा प्रकाशन, पुणें.
_c1972
300 _a160
_bसाधी
365 _b5
520 _aस्थानिक वाचन.
630 _aकालकूट.
650 _aस्थानिक वाचन.
730 _aकालकूट.
942 _cBOOK
999 _c683006
_d683003